Statistics for MLBB Character Quiz

Click here to take the quiz!

General Stats

  • This quiz has been taken 209 times
  • The average score is 55 of 103

Answer Stats

HintAnswer% Correct
LLayla
83%
MMiya
81%
NNana
78%
AAlucard
75%
ZZilong
74%
BBalmond
73%
AAlice
70%
AAngela
70%
GGusion
70%
CClint
68%
HHayabusa
68%
LLancelot
68%
LLesley
66%
WWanwan
66%
FFanny
65%
KKagura
65%
KKarina
65%
FFranco
64%
AAkai
63%
HHanabi
63%
LLing
63%
VVale
63%
AAlpha
62%
EEudora
62%
JJohnson
62%
TTigreal
62%
SSaber
61%
DDyrroth
60%
HHarith
60%
OOdette
60%
AAurora
59%
HHarley
59%
YYu Zhong
59%
CChang'e
58%
CChou
58%
PPharsa
58%
BBruno
57%
EEstes
57%
MMoskov
57%
AAldous
56%
CCyclops
56%
DDiggie
56%
KKadita
55%
VValir
55%
CClaude
54%
LLapu-Lapu
54%
LLolita
54%
RRuby
54%
EEsmeralda
53%
HHanzo
53%
RRoger
53%
VVexana
53%
FFaramis
52%
GGrock
52%
MMinotaur
52%
RRafaela
52%
AArgus
51%
BBeatrix
51%
GGord
51%
HHelcurt
51%
BBane
50%
BBaxia
50%
GGuinevere
50%
KKarrie
50%
YYi Sun-shin
50%
ZZhask
50%
CCecilion
49%
FFreya
49%
GGranger
49%
LLeomord
49%
NNatalia
49%
XX-borg
49%
HHilda
48%
IIrithel
48%
KKimmy
48%
BBelerick
47%
UUranus
47%
KKaja
45%
GGatotkaca
44%
KKhufra
44%
SSun
44%
BBadang
43%
CCarmilla
43%
HHylos
43%
JJawhead
43%
LLylia
43%
PPaquito
43%
SSilvanna
43%
TTerizla
43%
MMasha
42%
TThamuz
42%
BBrody
41%
PPopol and Kupa
41%
LLunox
40%
BBenedetta
39%
MMartis
39%
GGloo
38%
LLuo Yi
38%
MMathilda
37%
MMinsitthar
36%
BBarats
33%
KKhaleed
31%
PPhoveus
30%

Score Distribution

Percentile by Number Answered

Percent of People with Each Score

Your Score History

You have not taken this quiz